000
00261cam a2200109ua 4500
082
_a
604.2
_b
JOH/EN
100
_a
John, K C .
245
_a
Engineering graphics for degree /
260
_a
Thrissur :
_b
Jet Publications ,
_c
2004.
300
_a
; .
942
_c
BK
999
_c
13328
_d
13328